书目信息 |
| 题名: |
十九世纪西方人眼中的中国
|
|
| 作者: | 罗伯茨 编著 ;蒋重跃 , 刘林海 译 | |
| 分册: | ||
| 出版信息: | 北京 中华书局 2006 |
|
| 页数: | 13,178页 | |
| 开本: | 21cm | |
| 丛书名: | 西方的中国形象 | |
| 单 册: | ||
| 中图分类: | K249.306 , K892 | |
| 科图分类: | ||
| 主题词: | 清代--历史--19世纪--史料 | |
| 电子资源: | ||
| ISBN: | 7-101-05180-4 | |
| 000 | 01200oam2 2200289 450 | |
| 001 | 1573682473 | |
| 005 | 20150118202836.70 | |
| 010 | @a7-101-05180-4@dCNY15.00 | |
| 100 | @a20060124d2006 em y0chiy50 ea | |
| 101 | 1 | @achi@ceng |
| 102 | @aCN@b110000 | |
| 105 | @ay z 000yy | |
| 200 | 1 | @a十九世纪西方人眼中的中国@9shi jiu shi ji xi fang ren yan zhong de zhong guo@dChina through western eyes the nineteenth century@f(英)约·罗伯茨(J. A. G. Roberts)编著@g蒋重跃,刘林海译@zeng |
| 210 | @a北京@c中华书局@d2006 | |
| 215 | @a13,178页@d21cm | |
| 225 | 2 | @a西方的中国形象 |
| 330 | @a本书对19世纪英、美、法、德等西方国家的部分来华人员的著作、手稿、日记以及官方档案进行分类摘编,内容涉及政府与法律、宗教与科学、社会生活、妇女和儿童、经济、军事、旅行、中国人的特性等方面。 | |
| 461 | 0 | @12001 @a西方的中国形象 |
| 510 | 1 | @aChina through western eyes the nineteenth century@zeng |
| 606 | 0 | @a清代@x历史@z19世纪@j史料 |
| 690 | @aK249.306@v5 | |
| 690 | @aK892@v5 | |
| 701 | 0 | @c(英)@a罗伯茨@9luo bo ci@c(Roberts, J. A. G.@f1935~)@4编著 |
| 702 | 0 | @a蒋重跃@9jiang chong yue@4译 |
| 702 | 0 | @a刘林海@9liu lin hai@c(英语)@4译 |
| 801 | 0 | @aCN@bTSSF@c20150118 |
| 905 | @aZUCC@dK249.306@eJY88 | |
| 十九世纪西方人眼中的中国=China through western eyes the nineteenth century/(英)约·罗伯茨(J. A. G. Roberts)编著/蒋重跃,刘林海译.-北京:中华书局,2006 |
| 13,178页;21cm.-(西方的中国形象) |
| ISBN 7-101-05180-4:CNY15.00 |
| 本书对19世纪英、美、法、德等西方国家的部分来华人员的著作、手稿、日记以及官方档案进行分类摘编,内容涉及政府与法律、宗教与科学、社会生活、妇女和儿童、经济、军事、旅行、中国人的特性等方面。 |
| ● |
| 相关链接 |
|
|
|
|
正题名:十九世纪西方人眼中的中国
索取号:K249.306/JY88
 
预约/预借
| 序号 | 登录号 | 条形码 | 馆藏地/架位号 | 状态 | 备注 |
| 1 | 7847564 | 278475641 | 学院路分馆/ [索取号:K249.306/JY88] | 在馆 | |
| 2 | 7847565 | 278475650 | 学院路分馆/ [索取号:K249.306/JY88] | 在馆 |